Score 0/14 Timer 00:45
2 Plays Today
% Correct
RICE
91.6%
RICE
91.2%
CORN
91.1%
RICE
90.8%
CORN
90.6%
CORN
89.8%
CORN
89.3%
% Correct
CORN
88.7%
RICE
87.9%
CORN
87.8%
RICE
87.2%
RICE
85%
CORN
84.4%
RICE
79.2%

Today's Daily Dose

Missing Word
Movies EA - EZ

Word Ladder
Bedtime!

You're not logged in!

Compare scores with friends on all Sporcle quizzes.
OR
Log In

Sporcle TV

Today on Sporcle TV


Watch our educational content, quiz creation guides, and fun videos on Sporcle TV.

Show Comments

Extras

Top Quizzes Today


Score Distribution

Paid Content

Your Account Isn't Verified!

In order to create a playlist on Sporcle, you need to verify the email address you used during registration. Go to your Sporcle Settings to finish the process.

Report this User

Report this user for behavior that violates our Community Guidelines.

Details: